|
|
|
|
| LEADER |
00000nam a22000007a 4500 |
| 005 |
20170306001530.0 |
| 007 |
cr|||| |||| |
| 008 |
170306s2016 mx |||||s|||| 00||0 spa d |
| 020 |
|
|
|a 978-607-8463-02-2
|
| 035 |
|
|
|a 14808
|
| 040 |
|
|
|a vLex
|
| 090 |
|
|
|c 6578
|d 6578
|
| 100 |
1 |
|
|a Tapia Iturriaga, Carmen Karina
|
| 245 |
1 |
0 |
|a Contabilidad financiera a corto plazo
|h [Recurso electrn̤ico] /
|c Carmen Karina Tapia Iturriaga
|
| 256 |
|
|
|a Servicio en ln̕ea
|
| 260 |
|
|
|a Mx̌ico DF:
|b Instituto Mexicano de Contadores Pb︢licos,
|c 2016
|
| 300 |
|
|
|a 1 recurso electrn̤ico
|
| 500 |
|
|
|a Contabilidad financiera a corto plazo se realiz ̤de acuerdo con el marco de las Normas de Informacin̤ Financiera (NIF), en particular con las normas de valuacin̤, presentacin̤ y revelacin̤, relativas a los rubros de efectivo y sus equivalentes, cuentas por cobrar, inventarios, pagos anticipados y pasivos de corto plazo, de tal forma que el lector de este libro pueda registrar de manera correcta las operaciones de las organizaciones en donde labore.
|
| 506 |
1 |
|
|a Disponible solo en los productos indicados
|d vLex Global
|d vLex Global (Academic Edition, excluding Law Schools)
|d vLex Global (U.S. Academic Edition, Law Schools)
|d vLex Global (U.S. Academic Edition, excluding Law Schools)
|d vLex Global (Academic Edition, Law Schools)
|
| 650 |
0 |
4 |
|a Financiero
|z Mx̌ico
|
| 740 |
0 |
|
|a vLex Libros (Servicio en ln̕ea)
|
| 856 |
4 |
0 |
|u http://vlex.com/source/contabilidad-financiera-a-corto-plazo-14808
|z Acceso restringido
|
| 942 |
|
|
|c BOOK
|
| 999 |
0 |
|
|a Financial
|